000 00416nam a22001217a 4500
082 _a363.7387
_bMOT
245 _aMotorcycle Emission Standards and Emission Control Technology
260 _aUSA
_bMinsitry of Science, Technology, and the Environment Bangkok, Thailand
_c23 Feb 199
300 _a106 p. :
_bill, ;
_c24 cm
_eD
526 _a0
_b0
_c0
_d363_738700000000000_MOT
650 _aMCE (D)
_938180
942 _2ddc
_cBK
999 _c542820
_d542820